MARC details
| 000 -CABECERA |
| campo de control de longitud fija |
02499nam a2200313 a 4500 |
| 003 - IDENTIFICADOR DEL NÚMERO DE CONTROL |
| campo de control |
DO-SdBNP |
| 005 - FECHA Y HORA DE LA ÚLTIMA TRANSACCIÓN |
| campo de control |
20260211101520.0 |
| 007 - CAMPO FIJO DE DESCRIPCIÓN FÍSICA--INFORMACIÓN GENERAL |
| campo de control de longitud fija |
ta |
| 008 - DATOS DE LONGITUD FIJA--INFORMACIÓN GENERAL |
| campo de control de longitud fija |
220505e2019 dr ||||gr|||| 001 edspa d |
| 020 ## - NÚMERO INTERNACIONAL ESTÁNDAR DEL LIBRO |
| Número Internacional Estándar del Libro |
9789945805840 |
| 040 ## - FUENTE DE LA CATALOGACIÓN |
| Centro catalogador/agencia de origen |
DO-SdBNP |
| Lengua de catalogación |
spa |
| Centro/agencia transcriptor |
BNPHU |
| 082 #4 - NÚMERO DE LA CLASIFICACIÓN DECIMAL DEWEY |
| Número de edición |
22 |
| Número de documento/Ítem |
P923c |
| 245 13 - MENCIÓN DE TÍTULO |
| Título |
El precedente constitucional y judicial, análisis crítico : |
| Resto del título |
homenaje a Michele Taruffo / |
| Mención de responsabilidad, etc. |
Editor, Alejandro A. Moscoso Segarra; Prólogo, Milton Ray Guevara |
| 260 ## - PUBLICACIÓN, DISTRIBUCIÓN, ETC. |
| Lugar de publicación, distribución, etc. |
Santo Domingo : |
| Nombre del editor, distribuidor, etc. |
Soto Castillo, |
| Fecha de publicación, distribución, etc. |
2019 |
| 300 ## - DESCRIPCIÓN FÍSICA |
| Extensión |
xxx, 303 p. ; |
| Dimensiones |
24 cm. |
| 500 ## - NOTA GENERAL |
| Nota general |
Incluye datos biográficos del compilador en la solapas de las cubiertas. |
| 500 ## - NOTA GENERAL |
| Nota general |
Incluye bibliografía y notas al pie de páginas. |
| 504 ## - NOTA DE BIBLIOGRAFÍA, ETC. |
| Nota de bibliografía, etc. |
Bibliografía: p. 302 - 203 |
| 505 ## - NOTA DE CONTENIDO CON FORMATO |
| Título |
Prólogo. / |
| Mención de responsabilidad |
Milton Ray Guevara.-- |
| Título |
Introducción. / |
| Mención de responsabilidad |
Alejandro Moscoso Segarra.-- |
| Título |
Aspectos del precedente judicial. / |
| Mención de responsabilidad |
Michele Taruffo.-- |
| Título |
De la jurisprudencia al Precedente. / |
| Mención de responsabilidad |
Luis Miguel Pereyra.-- |
| Título |
Características del precedente en materia laboral. / |
| Mención de responsabilidad |
Manuel R. Herrera Carbuccia.-- |
| Título |
Las garantías de la eficacia del precedente: Especial referencia al ordenamiento jurídico dominicano. / |
| Mención de responsabilidad |
Hermógenes Acosta de los Santos.-- |
| Título |
El PRECEDENTE JUDICIAL VINCULANTE. Concepto, argumentos y vigencia en sudamérica. / |
| Mención de responsabilidad |
Luis Inván Díaz García.-- |
| Título |
El precedente ante el TSE: La seguridad jurídica del proceso electoral. / |
| Mención de responsabilidad |
Román Andrés Jáquez Liranzo.-- |
| Título |
Algunas notas en torno al carácter vinculante del precedente interamericano en la República Dominicana. / |
| Mención de responsabilidad |
Eduardo Jorge Prats.-- |
| Título |
El precedente constitucional vinculante. / |
| Mención de responsabilidad |
José Alberto Cruceta Almánzar.-- |
| Título |
Teoría General sobre los precedentes vinculantes. Justificación y significado de los precedentes vinculantes. / |
| Mención de responsabilidad |
Franklin E. Concepción Acosta.-- |
| Título |
Precedente y seguridad jurídica. / |
| Mención de responsabilidad |
Hiroito Reyes.-- |
| Título |
El precedente vinculante su complejidad y los derechos humanos y un ejemplo, en el caso de la penalización del aborto en todas sus circunstancias. / |
| Mención de responsabilidad |
Yildalina Tatem Brache. |
| 590 ## - NOTA LOCAL (RLIN) |
| Nota local |
Inventariado 2022 / MF |
| 600 #4 - PUNTO DE ACCESO ADICIONAL DE MATERIA--NOMBRE DE PERSONA |
| Nombre de persona |
Taruffo, Michele. |
| 9 (RLIN) |
81559 |
| 650 #4 - PUNTO DE ACCESO ADICIONAL DE MATERIA--TÉRMINO DE MATERIA |
| 9 (RLIN) |
35608 |
| Término de materia o nombre geográfico como elemento de entrada |
Derecho Constitucional |
| Subdivisión general |
Ensayos, Conferencias, etc. |
| Subdivisión geográfica |
República Dominicana |
| 650 #0 - PUNTO DE ACCESO ADICIONAL DE MATERIA--TÉRMINO DE MATERIA |
| Término de materia o nombre geográfico como elemento de entrada |
Tribunales constitucionales |
| Subdivisión geográfica |
República Dominicana |
| 9 (RLIN) |
78719 |
| 650 #4 - PUNTO DE ACCESO ADICIONAL DE MATERIA--TÉRMINO DE MATERIA |
| 9 (RLIN) |
80962 |
| Término de materia o nombre geográfico como elemento de entrada |
Ley constitucional |
| Subdivisión geográfica |
República Dominicana |
| 700 1# - PUNTO DE ACCESO ADICIONAL--NOMBRE DE PERSONA |
| Nombre de persona |
Moscoso Segarra, Alejandro A |
| Fechas asociadas al nombre |
1964- |
| Término indicativo de función/relación |
comp. |
| 9 (RLIN) |
62241 |
| 700 1# - PUNTO DE ACCESO ADICIONAL--NOMBRE DE PERSONA |
| Nombre de persona |
Milton Ray Guevara |
| Fechas asociadas al nombre |
1948- |
| Código de función/relación |
pról. |
| 9 (RLIN) |
78143 |
| 910 ## - DATOS DE OPCIÓN DEL USUARIO (OCLC) |
| Datos de opción del usuario |
MFeliz |
| 942 ## - ELEMENTOS DE PUNTO DE ACCESO ADICIONAL (KOHA) |
| Fuente del sistema de clasificación o colocación |
Dewey Decimal Classification |
| Tipo de ítem Koha |
Libro |